[Event "Individual Zaragoza Primera 2015"]
[Site ""]
[Date "2015.10.25"]
[Round "4.35"]
[White "Cortés Sobrevilla Cecilio"]
[Black "Abenia Porroche Roberto"]
[Result "1-0"]
[WhiteElo "1664"]
[BlackElo "1634"]

1.d4 Nf6 2.e3 d5 3.Bd3 g6 4.Nf3 c5 5.b3 cxd4 6.exd4 Bg7 7.O-O Nc6 8.a3 O-O 9.
Bb2 Qc7 10.Nbd2 Re8 11.Re1 Nd7 12.c4 dxc4 13.Bxc4 Nb6 14.Qc2 Qd6 15.Ne4 Qd8
16.Rad1 Bf5 17.Qe2 Rc8 18.Neg5 Nxc4 19.bxc4 b6 20.d5 Na5 21.Bxg7 Kxg7 22.Nd2
Qd6 23.g4 Qf4 24.Qe5+ Qxe5 25.Rxe5 Bxg4 26.Rde1 f6 27.Ne6+ Bxe6 28.Rxe6 Kf7
29.R1e4 Nb7 30.Rd4 Nd6 31.a4 Rc5 32.Ne4 Rxc4 33.Nxd6+ exd6 34.Rxc4 Rxe6 35.
dxe6+ Kxe6 36.Rc7 a6 37.Rc6 b5 38.a5 1-0

[Event "Individual Zaragoza Primera 2015"]
[Site ""]
[Date "2015.10.25"]
[Round "4.37"]
[White "Zubialde Ayala Gonzalo"]
[Black "Redolar Cortés Angel"]
[Result "0-1"]
[WhiteElo "1851"]
[BlackElo "1567"]

1.e4 e6 2.Nf3 d5 3.e5 Ne7 4.d4 Nbc6 5.c4 Nf5 6.cxd5 exd5 7.Nc3 Be6 8.Bb5 Qd7
9.O-O Be7 10.Bg5 Bxg5 11.Nxg5 Nfxd4 12.Nxe6 fxe6 13.Ba4 O-O-O 14.Rc1 Qf7 15.
Qd3 Qf4 16.Nb5 Ne2+ 17.Qxe2 Qxa4 18.Nc3 Qf4 19.Rfe1 Rhf8 20.g3 Qf5 21.Na4 Nd4
22.Qe3 Nf3+ 23.Kf1 Nxe1 24.Qxa7 Qxf2+ 25.Qxf2 Rxf2+ 26.Kxe1 Rdf8 27.Nb6+ Kd8
0-1

[Event "Individual Zaragoza Primera 2015"]
[Site ""]
[Date "2015.10.25"]
[Round "4.38"]
[White "Sanchez Pérez Carlos"]
[Black "Muro Guerrero Miguel"]
[Result "0-1"]
[WhiteElo "1534"]
[BlackElo "1664"]

1.e4 e5 2.Nf3 Nc6 3.Bc4 Nf6 4.d3 Be7 5.Nc3 d6 6.h3 O-O 7.Be3 Be6 8.Bxe6 fxe6
9.Ng5 Qd7 10.Qd2 d5 11.exd5 exd5 12.d4 exd4 13.Bxd4 Nxd4 14.Qxd4 c5 15.Qd2
Rfe8 16.O-O-O d4 17.Nce4 Nxe4 18.Nxe4 Qd5 19.f3 Qxa2 20.c3 Rac8 21.Rhe1 Red8
22.Qc2 b5 23.b3 Qa3+ 24.Qb2 Qa6 25.Kb1 d3 26.g4 c4 27.b4 Qh6 28.Qg2 a5 29.g5
Qb6 30.bxa5 Qxa5 31.Nf6+ Bxf6 32.gxf6 Rc7 33.Kb2 b4 34.Qd2 bxc3+ 0-1

[Event "Individual Zaragoza Primera 2015"]
[Site ""]
[Date "2015.10.25"]
[Round "4.39"]
[White "Sedano Jover Adrián"]
[Black "Pérez Bella José Maria"]
[Result "1-0"]
[WhiteElo "1534"]
[BlackElo "1604"]

1.d4 c5 2.Nf3 cxd4 3.Nxd4 Nc6 4.e3 Nf6 5.Bd3 Ne5 6.O-O d5 7.Nc3 e6 8.a3 a6 9.
Be2 Bd6 10.Bd2 Qc7 11.f4 Nc4 12.Bxc4 dxc4 13.Nf3 O-O 14.Ng5 b5 15.Nge4 Nxe4
16.Nxe4 Bb7 17.Nxd6 Qxd6 18.Bb4 Qc6 19.Qg4 f5 20.Qg3 Rf7 21.Rad1 Qb6 22.Rd6
Qc7 23.Rxe6 Be4 24.Qf2 a5 25.Bc3 Qd7 26.Re5 Qb7 27.Rd1 b4 28.axb4 axb4 29.Bd4
b3 30.cxb3 Qxb3 31.Rc1 Rc7 32.Rc5 Rxc5 33.Bxc5 Ra2 34.Bd4 Kf7 35.h3 g6 36.Qd2
Qd3 37.Qc3 Qe2 38.Qxc4+ Qxc4 39.Rxc4 Ra1+ 40.Kf2 Rd1 41.Bc3 Rc1 42.Rc7+ Kg8
43.Rg7+ Kf8 44.Rd7 Kg8 45.Rd2 Kf7 46.Bd4 h6 47.b3 g5 48.fxg5 hxg5 49.b4 Ke6
50.b5 Rb1 51.Rb2 Kd5 52.Rxb1 Bxb1 53.b6 Kc6 54.g3 Be4 55.h4 gxh4 56.gxh4 Kd6
57.h5 Kc6 58.h6 f4 59.exf4 Bh7 60.Kg3 1-0

[Event "Individual Zaragoza Primera 2015"]
[Site ""]
[Date "2015.10.25"]
[Round "4.40"]
[White "Laborda Pérez José Antonio"]
[Black "Maisterra Merino Aaron"]
[Result "1-0"]
[WhiteElo "1588"]
[BlackElo "1449"]

1.d4 d5 2.Nf3 e6 3.Bf4 Nf6 4.e3 c5 5.c3 Be7 6.Be2 O-O 7.O-O Nc6 8.dxc5 Bxc5 9.
Nbd2 Re8 10.Rc1 e5 11.Bg5 Bf5 12.b4 Bd6 13.Qb3 e4 14.Nd4 Nxd4 15.cxd4 Be6 16.
a3 a6 17.f3 h6 18.Bh4 b5 19.Qb2 Bf5 20.fxe4 Bxe4 21.Bxf6 gxf6 22.Nxe4 dxe4 23.
Rf5 Kh7 24.Rcf1 Be7 25.Bh5 Rf8 26.Qc2 Qd7 27.Qxe4 Qe6 28.Qd3 Qc4 29.Qb1 Kg7
30.Rc1 Qe6 31.Qd3 Rac8 32.Rxc8 Rxc8 33.Rf1 Qc4 34.Rd1 Qd5 35.Bf3 Qe6 36.h3 Rc7
37.Bg4 Qd5 38.Bf3 Qe6 39.Kf2 Rc4 40.Qb3 Qd7 41.Rd3 Bd6 42.Rc3 Rc7 43.Qc2 Rxc3
44.Qxc3 Kf8 45.Qc2 Qc7 46.Qxc7 Bxc7 47.Bb7 a5 48.Bc6 axb4 49.axb4 Bd6 50.Bxb5
Bxb4 51.e4 Ke7 52.Bc4 Bd2 53.Kf3 h5 54.Ke2 Bg5 55.Kd3 Kd6 56.Bxf7 h4 57.Kc4
Be3 58.Kd3 Bg5 59.Ke2 Ke7 60.Bg6 Kd6 61.Kf3 Ke7 62.Kg4 Kd6 63.Kf5 Ke7 64.Bh5
Kd6 65.d5 Ke7 66.e5 1-0

[Event "Individual Zaragoza Primera 2015"]
[Site ""]
[Date "2015.10.25"]
[Round "4.41"]
[White "Jardiel Dobato David"]
[Black "Valladolid Martin Luis"]
[Result "1/2-1/2"]
[WhiteElo "1724"]
[BlackElo "1593"]

1.e4 e5 2.Nf3 Nf6 3.Nc3 d5 4.exd5 Nxd5 5.Ne4 Bg4 6.Be2 Nc6 7.O-O f5 8.Ng3 e4
9.Ne1 h5 10.Bxg4 hxg4 11.Nxf5 Qg5 12.Nxg7+ Bxg7 13.g3 Qh5 14.h4 gxh3 15.Qxh5+
Rxh5 16.d3 exd3 17.Nxd3 Ne5 1/2-1/2

[Event "Individual Zaragoza Primera 2015"]
[Site ""]
[Date "2015.10.25"]
[Round "4.42"]
[White "Requena Briones Rafael Marian"]
[Black "Lluciá Marco Luis"]
[Result "1-0"]
[WhiteElo "1615"]
[BlackElo "1583"]

1.e4 e5 2.Nf3 Nc6 3.Bc4 Bc5 4.b4 Bxb4 5.c3 Ba5 6.O-O Nf6 7.d4 exd4 8.e5 Ng4 9.
Bg5 f6 10.exf6 Nxf6 11.Re1+ Kf8 12.Nxd4 Nxd4 13.Qxd4 Bb6 14.Qf4 d6 15.Nd2 h6
16.Bxf6 Qxf6 17.Qg3 Bd7 18.Re4 g5 19.Rae1 Re8 20.Rxe8+ Bxe8 21.Kf1 Bc6 22.Ne4
Qg6 23.Qf3+ Kg7 24.Bd3 Re8 25.Qg4 d5 26.Nc5 Rxe1+ 27.Kxe1 Qe8+ 28.Ne6+ Kf6 29.
Qf5+ Ke7 30.Ng7 Qf7 31.Qe5+ Kf8 32.Ne6+ Kg8 33.f3 Qe7 34.Kd2 Kf7 35.Qf5+ Ke8
36.Qg6+ Qf7 37.Qxh6 Ke7 38.Nxg5 Qf4+ 39.Kc2 Be3 40.Qe6+ Kf8 41.Nh7+ Kg7 42.
Qg6+ Kh8 43.Nf6 1-0

[Event "Individual Zaragoza Primera 2015"]
[Site ""]
[Date "2015.11.01"]
[Round "5.1"]
[White "Sanchez Vallés José Maria"]
[Black "Miranda Garcia Eduardo"]
[Result "1-0"]
[WhiteElo "1782"]
[BlackElo "1765"]

1.e4 d6 2.f4 g6 3.Nf3 Bg7 4.Bc4 Nf6 5.e5 dxe5 6.fxe5 Ng4 7.d4 O-O 8.O-O Nc6 9.
c3 Ngxe5 10.dxe5 Qxd1 11.Rxd1 Nxe5 12.Nxe5 Bxe5 13.Bg5 Re8 14.Nd2 Kg7 15.Re1
f6 16.Bh4 Bg4 17.h3 Bd7 18.Rad1 Rad8 19.Kf2 Bd6 20.Ne4 Bc6 21.Nxd6 Rxd6 22.Bg3
e5 23.Rxd6 cxd6 24.Rd1 Rd8 25.Bd5 Kf8 26.c4 Ke7 27.Kf3 h6 28.Bf2 a6 29.Bb6 Rc8
30.c5 f5 31.Bxc6 Rxc6 32.cxd6+ Kd7 33.Ba5 g5 34.Bc3 e4+ 35.Ke3 Rc4 36.g3 h5
37.h4 gxh4 38.gxh4 Rc5 39.Bb4 Rb5 40.Ba3 a5 41.Rc1 Rd5 42.Rc7+ Kd8 43.Rxb7
Rd3+ 44.Kf4 e3 45.Re7 Rd4+ 46.Kxf5 Rxh4 47.Rxe3 Rh2 48.Ke6 Rg2 49.Rf3 Re2+ 50.
Kd5 Rd2+ 51.Kc6 Rc2+ 52.Rc3 Re2 53.Rg3 Rc2+ 54.Bc5 1-0

[Event "Individual Zaragoza Primera 2015"]
[Site ""]
[Date "2015.11.01"]
[Round "5.2"]
[White "Martinez Saenz Esteban"]
[Black "Garcia Estruch Jorge"]
[Result "0-1"]
[WhiteElo "1761"]
[BlackElo "1847"]

1.d4 Nf6 2.c4 e6 3.Nf3 d5 4.e3 Nbd7 5.Bd3 Be7 6.O-O b6 7.b3 Bb7 8.Bb2 O-O 9.
Nbd2 c5 10.Qe2 cxd4 11.exd4 Re8 12.Ne5 Rc8 13.f4 Nf8 14.f5 Bd6 15.fxe6 Nxe6
16.Rxf6 Qxf6 17.g3 Nxd4 18.Bxh7+ Kxh7 19.Qd3+ Kg8 20.Bxd4 Bxe5 21.Bxe5 Qxe5
22.Rf1 Qe3+ 0-1

[Event "Individual Zaragoza Primera 2015"]
[Site ""]
[Date "2015.11.01"]
[Round "5.3"]
[White "Rubio Tello Abel"]
[Black "Carruez Gracia Eduardo"]
[Result "1/2-1/2"]
[WhiteElo "1864"]
[BlackElo "1706"]

1.d4 Nf6 2.Nf3 g6 3.b4 Bg7 4.Bb2 O-O 5.e3 d6 6.c4 c5 7.bxc5 dxc5 8.d5 e6 9.Nc3
Qa5 10.Nd2 Rd8 11.Nb3 Qb6 12.Be2 Na6 13.O-O exd5 14.cxd5 Nb4 15.Bc4 Be6 16.Na4
Qc7 17.Naxc5 Bxd5 18.Bxd5 Rxd5 19.Qf3 Rh5 20.h3 Rf5 21.Qxb7 Qxb7 22.Nxb7 Nd3
23.Bd4 Ne4 24.Bxg7 Kxg7 25.f3 Rb5 26.fxe4 Rxb7 1/2-1/2

[Event "Individual Zaragoza Primera 2015"]
[Site ""]
[Date "2015.11.01"]
[Round "5.4"]
[White "Glaria Tevar Salvador"]
[Black "Obon Zuñiga Francisco"]
[Result "0-1"]
[WhiteElo "1846"]
[BlackElo "1807"]

1.d4 d5 2.Bf4 Nf6 3.e3 e6 4.Nd2 Bd6 5.Bg3 O-O 6.Bd3 c5 7.c3 Nc6 8.Ngf3 b6 9.
Ne5 Bb7 10.f4 Ne7 11.Qf3 Nf5 12.Bf2 g6 13.g4 Ng7 14.Bh4 Be7 15.Bg5 Nd7 16.Nxd7
Qxd7 17.h4 f6 18.Bh6 e5 19.Qf2 cxd4 20.exd4 e4 21.Be2 f5 22.Bxg7 Kxg7 23.g5
Bd6 24.h5 Qc7 25.h6+ Kg8 26.Rh4 Rfe8 27.Nf1 Qd7 28.Ne3 b5 29.a4 bxa4 30.Kd2
Rec8 31.Qf1 Rab8 32.Nd1 Bc6 33.Rh2 Qc7 34.Rf2 Rb3 35.c4 Qa5+ 36.Kc1 a3 37.Kc2
Ba4 38.c5 Rxb2+ 39.Kc1 0-1

[Event "Individual Zaragoza Primera 2015"]
[Site ""]
[Date "2015.11.01"]
[Round "5.5"]
[White "Landa Garriga Francisco Javier"]
[Black "Iglesias Fernandez Luis"]
[Result "1-0"]
[WhiteElo "1838"]
[BlackElo "1764"]

1.e4 g6 2.d4 Bg7 3.Nf3 d6 4.Be2 Nf6 5.Nc3 O-O 6.O-O e5 7.h3 Nc6 8.dxe5 Nxe5 9.
Nxe5 dxe5 10.Bg5 c6 11.Qxd8 Rxd8 12.Rfd1 Be6 13.f3 Rd7 14.Rxd7 Nxd7 15.Rd1 f6
16.Be3 Bf8 17.Bc4 Bxc4 18.Rxd7 b6 19.b3 Be6 20.Rd1 Kf7 21.Kf1 Ke8 22.Ke2 Rd8
23.Rxd8+ Kxd8 24.Kd3 Kc7 25.Nd1 g5 26.Nf2 h5 27.g4 h4 28.Nd1 c5 29.c4 Kc6 30.
Nc3 a6 31.Nd5 Bg7 32.Bd2 b5 33.Ba5 Bxd5 34.exd5+ Kd7 35.Ke4 Bf8 36.Kf5 Be7 37.
Kg6 Kd6 38.Kf7 b4 39.Bc7+ Kd7 40.d6 Bxd6 41.Bxd6 1-0

[Event "Individual Zaragoza Primera 2015"]
[Site ""]
[Date "2015.11.01"]
[Round "5.6"]
[White "Pascual Sesé Lucas"]
[Black "Santos Morales Julio César"]
[Result "0-1"]
[WhiteElo "1755"]
[BlackElo "1837"]

1.e4 c6 2.d4 d5 3.e5 Bf5 4.f4 e6 5.Nf3 c5 6.Bb5+ Nc6 7.Bxc6+ bxc6 8.c3 Qb6 9.
a3 a5 10.O-O c4 11.Nbd2 Ne7 12.Rf2 Ng6 13.g3 h5 14.h4 a4 15.Kh2 Be7 16.Ng5 Bg4
17.Ngf3 Bf5 18.Kg2 Bd8 19.Kh2 Ne7 20.Nf1 Bg6 21.Ne3 Qa7 22.Qe2 Bb6 23.Qd2 c5
24.dxc5 Bxc5 25.Nd4 Bxd4 26.cxd4 Nc6 27.f5 Bxf5 28.Nxf5 exf5 29.Rf4 g6 30.Qe3
Rb8 31.Rb1 Rb3 32.Qf2 Kd7 33.Bd2 Rhb8 34.Rxf5 gxf5 35.Qxf5+ Kc7 36.Qxf7+ Kb6
37.Qxd5 Qg7 38.Bf4 Qg6 39.Qc5+ Kb7 40.d5 Nd4 41.e6 Rc8 42.Qe7+ Ka6 43.Qd7 Qe8
44.Bc7 Nb5 45.d6 Nxc7 46.dxc7 Rb7 47.Rd1 Rbxc7 48.Rd6+ Kb7 49.Qxe8 Rxe8 50.Rd5
Rxe6 0-1

[Event "Individual Zaragoza Primera 2015"]
[Site ""]
[Date "2015.11.01"]
[Round "5.7"]
[White "Aviol Pérez José Mariano"]
[Black "Arrieta Otero Germán"]
[Result "0-1"]
[WhiteElo "1820"]
[BlackElo "1641"]

1.d4 Nf6 2.Nf3 d5 3.c4 dxc4 4.Nc3 Bf5 5.Qa4+ Qd7 6.Qxc4 Nc6 7.d5 Na5 8.Qb4 b6
9.e4 e6 10.dxe6 Bxb4 11.exd7+ Bxd7 12.Bd2 O-O 13.O-O-O Bg4 14.h3 Be6 15.e5 Nd7
16.Bb5 c6 17.Ba4 b5 18.Bc2 Rad8 19.Ng5 h6 20.Nxe6 fxe6 21.f4 Nc4 22.Be4 Nc5
23.Bxc6 Nd3+ 24.Kc2 Nf2 25.Ne4 Nxh1 26.Bxb4 Ne3+ 27.Kb3 Nxd1 28.Bxf8 Kxf8 29.
g3 Nhf2 30.Nc5 Rc8 0-1

[Event "Individual Zaragoza Primera 2015"]
[Site ""]
[Date "2015.11.01"]
[Round "5.8"]
[White "Nedov Octavian"]
[Black "Miranda Herrera Miguel"]
[Result "1-0"]
[WhiteElo "1814"]
[BlackElo "1318"]

1.d4 d6 2.e4 Nf6 3.Nc3 g6 4.Bg5 Bg7 5.Bc4 O-O 6.Qe2 Nbd7 7.e5 dxe5 8.dxe5 Ne8
9.e6 Ne5 10.exf7+ Rxf7 11.Bxf7+ Kxf7 12.Rd1 Nd6 13.h3 c5 14.f4 Nc6 15.Nf3 Qb6
16.Ne5+ Bxe5 17.fxe5 Qxb2 18.O-O+ Kg8 19.exd6 Qxc3 20.dxe7 1-0

[Event "Individual Zaragoza Primera 2015"]
[Site ""]
[Date "2015.11.01"]
[Round "5.9"]
[White "Garcia Mendez Beatriz"]
[Black "Salas Calvo Alberto"]
[Result "1-0"]
[WhiteElo "1766"]
[BlackElo "1670"]

1.e4 e6 2.d4 d5 3.e5 c5 4.Nf3 cxd4 5.Bd3 Ne7 6.Bf4 Ng6 7.Bg3 Nc6 8.O-O Be7 9.
Re1 Bd7 10.Nbd2 a6 11.Nb3 f5 12.exf6 gxf6 13.Nfxd4 Nxd4 14.Nxd4 Qb6 15.Nb3 Kf7
16.Rc1 e5 17.Bxg6+ hxg6 18.Qxd5+ Be6 19.Qf3 Kg7 20.Rcd1 Rac8 21.Re2 Rc4 22.h3
a5 23.c3 a4 24.Nd2 Rc6 25.Ne4 Bxa2 26.Rd7 Re6 27.Red2 Rd8 28.Rxd8 Bxd8 29.Rd7+
Be7 30.Nxf6 Rxf6 31.Rxe7+ Kf8 32.Qxb7 Qxb7 33.Rxb7 e4 34.Be5 Rf7 35.Rxf7+ Kxf7
36.Kf1 Ke6 37.Bd4 Kd5 38.Ke2 Kc4 39.Kd2 Bb1 40.h4 Kb3 41.Kc1 Bd3 42.Bc5 Be2
43.Ba3 Kc4 44.Kd2 Bf1 45.g3 Kd5 46.Ke3 Ke5 47.Bf8 Kf5 48.f3 exf3 49.Kxf3 Bd3
50.g4+ Ke5 51.Bg7+ Kd5 52.Kf4 Ke6 53.Kg5 Kf7 54.Bd4 Kg8 55.h5 gxh5 56.gxh5 Kh7
57.h6 Bc4 58.Be3 Bd3 59.Kf6 Kg8 60.Ke5 Kf7 61.Kd5 Ke7 62.c4 Kd7 63.c5 Kc8 64.
Kd6 Kd8 65.Bf4 Kc8 66.c6 Bc2 67.Ke7 Be4 68.c7 Kb7 69.Kd8 1-0

[Event "Individual Zaragoza Primera 2015"]
[Site ""]
[Date "2015.11.01"]
[Round "5.11"]
[White "Martin Pastor Iván"]
[Black "Monge Arrufat José Miguel"]
[Result "0-1"]
[WhiteElo "1743"]
[BlackElo "1661"]

1.e4 c5 2.Nf3 g6 3.g3 b6 4.Bg2 Bb7 5.d3 Bg7 6.O-O d6 7.Nc3 Nf6 8.Nh4 Nc6 9.f4
O-O 10.f5 e6 11.fxe6 fxe6 12.Bg5 Ne5 13.Qd2 Nf7 14.e5 Bxg2 15.Bxf6 Bxf6 16.
Rxf6 Bh3 17.Re1 Nxe5 18.Rxf8+ Qxf8 19.Ne4 Re8 20.Nf2 Bf5 21.Rf1 Qg7 22.Kg2
Qb7+ 23.Kg1 Rf8 24.h3 Qe7 25.Nxf5 exf5 26.Nd1 Qb7 27.Qf4 b5 28.d4 cxd4 29.h4
Qc6 30.Rf2 d3 31.c3 Qe4 32.Qd2 Nf3+ 0-1

[Event "Individual Zaragoza Primera 2015"]
[Site ""]
[Date "2015.11.01"]
[Round "5.12"]
[White "Navarro Sancho Rafael"]
[Black "Fernández Sierra Pedro José"]
[Result "1/2-1/2"]
[WhiteElo "1732"]
[BlackElo "1653"]

1.e4 e6 2.d4 d5 3.Bd3 Nf6 4.Bg5 Be7 5.e5 Nfd7 6.Bxe7 Qxe7 7.Nf3 Qb4+ 8.Nbd2
Qxb2 9.O-O Qb4 10.Nb3 Qe7 11.c4 c6 12.Rc1 O-O 13.Qe2 a5 14.cxd5 exd5 15.Rfe1
Re8 16.h4 h6 17.Bb1 Nf8 18.g3 Bg4 19.Qd3 Nbd7 20.Nh2 Bh5 21.f4 f6 22.g4 Bf7
23.Nf3 fxe5 24.fxe5 Be6 25.g5 h5 26.Rf1 Bg4 27.Nh2 Qe6 28.Qe3 g6 29.Qg3 Be2
30.Rf2 Bb5 31.Bd3 Bxd3 32.Qxd3 a4 33.Nc5 Nxc5 34.Rxc5 Nh7 35.Rcc2 Rf8 36.Rb2
Rxf2 37.Rxf2 Rf8 38.Rxf8+ Nxf8 39.Qf3 Nd7 40.Qa3 b5 41.Nf3 Kf7 42.Qe3 Kg7 43.
Kf2 Nb6 44.Qa3 Nd7 1/2-1/2

[Event "Individual Zaragoza Primera 2015"]
[Site ""]
[Date "2015.11.01"]
[Round "5.13"]
[White "Enguita Ibarra Hugo"]
[Black "Gastón Cabello Jorge"]
[Result "1/2-1/2"]
[WhiteElo "1506"]
[BlackElo "1731"]

1.e4 c5 2.Nf3 d6 3.d4 cxd4 4.Nxd4 Nf6 5.Nc3 a6 6.f3 b5 7.Be3 e5 8.Nb3 Be6 9.
Nd5 Bxd5 10.exd5 Nbd7 11.c4 bxc4 12.Bxc4 Be7 13.Qd2 Nb6 14.Rc1 O-O 15.Na5 Nxc4
16.Rxc4 Qd7 17.Nc6 Rfc8 1/2-1/2

[Event "Individual Zaragoza Primera 2015"]
[Site ""]
[Date "2015.11.01"]
[Round "5.14"]
[White "Galvez Longas Isaac"]
[Black "Lorente Latorre Antonio"]
[Result "1-0"]
[WhiteElo "1718"]
[BlackElo "1632"]

1.c4 e5 2.Nc3 Nf6 3.d3 g6 4.Bg5 Bg7 5.Nf3 d6 6.g3 h6 7.Bd2 Nc6 8.Bg2 O-O 9.Qc1
Kh7 10.O-O Be6 11.Rb1 Qc8 12.b4 Bh3 13.e4 Bxg2 14.Kxg2 b6 15.h4 Qg4 16.Be3 Nh5
17.Qd1 Kg8 18.Qd2 Kh7 19.Nd5 Rac8 20.Nh2 Qe6 21.g4 Nf6 22.f3 Nd4 23.g5 hxg5
24.Nxf6+ Bxf6 25.hxg5 Bg7 26.Rh1 Rh8 27.Ng4+ Kg8 28.Rxh8+ Bxh8 29.Rh1 f5 30.
Nh6+ Kg7 31.Qf2 Kf8 32.Bxd4 exd4 33.Nxf5 gxf5 34.Rxh8+ Ke7 35.Rh7+ Kd8 36.Qxd4
Qe5 37.Qxe5 dxe5 38.Rh8+ Kd7 39.Rxc8 1-0

[Event "Individual Zaragoza Primera 2015"]
[Site ""]
[Date "2015.11.01"]
[Round "5.15"]
[White "Peña Gil José Alejandro"]
[Black "Moreno Martin-Viveros Alvaro"]
[Result "1/2-1/2"]
[WhiteElo "1573"]
[BlackElo "1806"]

1.d4 Nf6 2.Nf3 d5 3.c4 e6 4.a3 c5 5.Nc3 Nc6 6.Bg5 Be7 7.e3 cxd4 8.exd4 dxc4 9.
Bxc4 Bd7 10.Be3 O-O 11.O-O Rc8 12.Bd3 a6 13.Bc2 b5 14.Qd3 g6 15.Bh6 Re8 16.h3
Na5 17.Rfd1 Nc4 18.Rab1 Bc6 19.Ne5 Bb7 20.Nxc4 Rxc4 21.Bb3 Rc7 22.Bf4 Rd7 23.
Be5 Qa8 24.f3 Red8 25.Qe3 Nd5 26.Nxd5 Bxd5 27.Bxd5 Qxd5 28.Qh6 Bf8 29.Qf4 Bg7
30.Bxg7 Kxg7 31.Rbc1 Qd6 32.Qe3 Qb6 33.Qe5+ Kg8 34.Kh1 Rd5 35.Qc7 Qxc7 36.Rxc7
Rxd4 37.Rxd4 Rxd4 38.Rc2 Kf8 39.Kg1 Ke7 40.Kf2 Kd7 41.Ke3 Rd5 42.Ke4 h6 43.Ke3
a5 44.Ke4 Kd6 45.Ke3 Rc5 46.Rd2+ Kc7 47.Ke4 f5+ 48.Ke3 e5 49.g4 b4 50.axb4
axb4 51.Rg2 Kb6 52.gxf5 gxf5 53.Kd3 b3 54.Rg6+ Rc6 55.Rxc6+ Kxc6 56.Kc4 Kd6
57.Kxb3 e4 58.fxe4 fxe4 59.Kc3 Ke5 60.b4 Kf5 61.Kd2 Ke5 62.b5 Kd5 63.Ke3 Kc5
64.Kxe4 Kxb5 65.Kf5 Kc6 66.Kg6 Kd5 67.Kxh6 Ke6 68.Kg6 Ke7 69.Kg7 Ke6 70.Kg6
Ke7 71.h4 Kf8 72.Kh7 Kf7 73.h5 Kf8 74.h6 Kf7 75.Kh8 Kf8 76.Kh7 Kf7 77.Kh8 Kf8
1/2-1/2

[Event "Individual Zaragoza Primera 2015"]
[Site ""]
[Date "2015.11.01"]
[Round "5.16"]
[White "Balabán Adrián"]
[Black "Carrasquer Muñoz Alberto"]
[Result "0-1"]
[WhiteElo "1690"]
[BlackElo "1799"]

1.e4 c6 2.d4 d5 3.e5 Bf5 4.Nf3 e6 5.Bd3 Bxd3 6.Qxd3 Qa5+ 7.Bd2 Qa6 8.Qxa6 Nxa6
9.a3 c5 10.O-O cxd4 11.Nxd4 Rc8 12.Nc3 Nc5 13.b4 Nd7 14.f4 Rc4 15.Nce2 Ne7 16.
Rac1 Nc6 17.c3 a6 18.a4 Be7 19.Nxc6 Rxc6 20.Nd4 Rc4 21.a5 O-O 22.Rfe1 g6 23.
Kf1 Rfc8 24.Ke2 Nb8 25.Kd3 Nc6 26.Ne2 f6 27.Nd4 Nxd4 28.cxd4 Rxc1 29.Rxc1 Rxc1
30.Bxc1 Bxb4 31.Bd2 Bxd2 32.Kxd2 fxe5 33.fxe5 Kf7 34.Kc3 Ke7 35.Kb4 Kd7 36.Kc5
Kc7 37.g4 g5 38.h3 h6 39.Kb4 Kc6 40.Ka4 b6 41.Kb4 bxa5+ 42.Kxa5 Kb7 0-1

[Event "Individual Zaragoza Primera 2015"]
[Site ""]
[Date "2015.11.01"]
[Round "5.17"]
[White "Budria Gimenez Daniel"]
[Black "Teresa Moya Alejandro"]
[Result "0-1"]
[WhiteElo "1681"]
[BlackElo "1751"]

1.d4 c5 2.Nf3 e6 3.c4 Nf6 4.g3 Nc6 5.Bg2 Be7 6.O-O O-O 7.Nc3 d6 8.d5 exd5 9.
cxd5 Ne5 10.Nxe5 dxe5 11.f4 Bd6 12.e4 Rb8 13.Nb5 Ra8 14.f5 c4 15.Nxd6 Qxd6 16.
Be3 b5 17.Rc1 Bd7 18.b4 a5 19.Bc5 Qc7 20.Bxf8 Kxf8 21.Qd2 Qb6+ 22.Kh1 a4 23.
Bf3 Qd6 24.a3 Rc8 25.g4 Kg8 26.g5 Ne8 27.Rc3 f6 28.Rg1 Kh8 29.Qg2 fxg5 30.Qxg5
Qf6 31.Qg2 Nd6 32.Bh5 Be8 33.Rg3 Rc7 34.Bxe8 Nxe8 35.Qh3 Kg8 36.Qh5 Qf7 37.Qh4
Qf6 38.Qxf6 Nxf6 39.Re1 Rd7 40.Kg2 Kf7 41.Kf3 Kg8 42.Rg2 Ne8 43.Rc2 Nd6 44.Rg1
Rf7 45.Re2 Kh8 46.Ke3 Kg8 47.Rf2 Rf6 48.Rfg2 Rf7 49.f6 g6 50.Rf2 Ne8 51.Rgf1
Nd6 52.h4 h6 53.Rg1 Kh7 54.Rgf1 Kg8 55.Rf3 Kh8 56.h5 g5 57.Rf5 Nxf5+ 58.Rxf5
Kg8 59.Rxe5 Rxf6 60.Kd4 g4 61.Kc5 g3 62.d6 g2 63.Rd5 g1=Q+ 64.Kxb5 c3 65.e5
Rf8 66.d7 Qf1+ 67.Kc6 Qa6+ 68.Kc5 c2 69.d8=Q c1=Q+ 0-1

[Event "Individual Zaragoza Primera 2015"]
[Site ""]
[Date "2015.11.01"]
[Round "5.18"]
[White "Garcia Garcia Enrique"]
[Black "Cortés Sobrevilla Cecilio"]
[Result "1-0"]
[WhiteElo "1750"]
[BlackElo "1664"]

1.d4 d6 2.c4 c6 3.Nc3 Nd7 4.e4 e5 5.Nf3 h6 6.Be2 Ngf6 7.O-O Be7 8.h3 O-O 9.Be3
Qc7 10.b4 c5 11.Nb5 Qb6 12.bxc5 dxc5 13.Nxe5 Nxe5 14.dxe5 Nxe4 15.Qc2 Bf5 16.
Bd3 Qg6 17.Nc7 Rad8 18.Nd5 Rd7 19.Rad1 Kh8 20.Rfe1 b6 21.Bf4 Nxf2 22.Kxf2 Bxd3
23.Qxd3 Qe6 24.Qf3 Qg6 25.Nxe7 Rxe7 26.Rd6 Qc2+ 27.Qe2 Qf5 28.Qe4 Qh5 29.g4
Qh4+ 30.Bg3 Qxh3 31.Rh1 Rxe5 32.Rxh6+ 1-0

[Event "Individual Zaragoza Primera 2015"]
[Site ""]
[Date "2015.11.01"]
[Round "5.19"]
[White "Manguez Tomás Andrés"]
[Black "Carrasquer Alonso Luis"]
[Result "1/2-1/2"]
[WhiteElo "1744"]
[BlackElo "1647"]

1.e4 d5 2.exd5 Qxd5 3.Nc3 Qa5 4.Nf3 Nf6 5.Bc4 Bg4 6.d3 e6 7.a3 Nc6 8.Bb5 a6 9.
Bxc6+ bxc6 10.h3 Qh5 11.Bf4 Bd6 12.Bg3 Rb8 13.b3 O-O 14.Qe2 Rfe8 15.O-O Bxf3
16.Qxf3 Bxg3 17.Qxg3 Qc5 18.Ne4 Nxe4 19.dxe4 Qxc2 20.Qxc7 Qxe4 21.Rfe1 Qc2 22.
Rad1 Qxb3 23.Rb1 Qxb1 24.Rxb1 Rxb1+ 25.Kh2 Reb8 26.Qxc6 R1b6 27.Qe4 g6 28.Qd3
a5 29.Qc3 Rb5 30.a4 Rd5 31.Qc7 Rb4 32.Qc8+ Kg7 33.Qc3+ Kf8 34.Qc8+ Kg7 35.Qc3+
Rdd4 36.Qe3 Rxa4 37.Qe5+ Kf8 38.Qb8+ Ke7 39.Qc7+ Kf6 40.Qc3 Rb4 41.Qf3+ Ke7
42.Qc6 a4 43.Qc7+ Kf6 44.Qc3 Rc4 45.Qf3+ Rf4 46.Qe3 g5 47.g3 Rfe4 48.Qd3 h6
49.Kg2 Ke5 50.Qd8 Red4 51.Qb8+ Ke4 52.Qb1+ Rd3 53.Qb7+ Kd4 54.Qxf7 Kc3 55.Qxe6
a3 56.Qe5+ Rdd4 57.Qe3+ Kb2 58.Qe2+ Kb3 59.Qe3+ Kb4 60.Qe1+ Rc3 61.Qb1+ Kc4
62.Qa2+ Rb3 63.Qe2+ Kc3 64.Qe3+ Kc4 65.Qe6+ Kc3 66.Qe3+ Rd3 67.Qc5+ Kb2 68.
Qe5+ Rdc3 69.Qe2+ Rc2 70.Qe5+ Ka2 71.Qd5 Rb2 72.h4 Ka1 73.hxg5 hxg5 74.Qd1+
Rb1 75.Qd4+ Ka2 76.Qd2+ R1b2 77.Qd5 Rc2 78.Qxg5 Kb1 79.Qe5 a2 80.Qe1+ Kb2 81.
Qe5+ Rcc3 82.Qe2+ Ka3 83.Qa6+ Kb2 84.Qe2+ Rc2 85.Qe5+ Rbc3 86.Qb5+ Kc1 87.Qf1+
Kd2 88.Qa6 Rd3 89.Qa5+ Kd1 90.Qh5+ Kc1 91.Qa5 Rdd2 92.Kh3 Rxf2 93.Qe1+ Kb2 94.
Qb4+ Ka1 95.Qe1+ Kb2 96.Qb4+ 1/2-1/2

[Event "Individual Zaragoza Primera 2015"]
[Site ""]
[Date "2015.11.01"]
[Round "5.20"]
[White "Ibañez Lasheras Ramón"]
[Black "Merin Flores Miguel Angel"]
[Result "1/2-1/2"]
[WhiteElo "1680"]
[BlackElo "1732"]

1.d4 d5 2.c4 e6 3.Nf3 Nf6 4.Nc3 Be7 5.Bf4 O-O 6.e3 c6 7.c5 Nbd7 8.Bd3 b6 9.b4
a5 10.a3 Re8 11.O-O bxc5 12.bxc5 Ba6 13.Rb1 Bxd3 14.Qxd3 a4 15.Rb7 e5 16.Nxe5
Nxe5 17.Bxe5 Nd7 18.Bc7 Qc8 19.Rfb1 Bxc5 20.Qf5 Bf8 21.Bg3 Nf6 22.Qc2 Bxa3 23.
Rc7 Qe6 24.Rbb7 Bf8 25.Nxa4 Ne4 26.Rxc6 Rec8 27.Rxc8 Rxc8 28.Qb2 Qc6 29.Nc5
Nxc5 30.dxc5 Qxc5 31.h3 Qc6 32.Rb8 Rxb8 33.Qxb8 Qc5 34.Be5 f6 35.Bd4 Qc6 36.g3
Kf7 37.Kg2 Qe6 38.Qb7+ Kg6 39.Qb5 h5 40.Qd3+ Qe4+ 41.Qxe4+ dxe4 42.f3 exf3+
43.Kxf3 Bd6 44.g4 hxg4+ 1/2-1/2

[Event "Individual Zaragoza Primera 2015"]
[Site ""]
[Date "2015.11.01"]
[Round "5.22"]
[White "Manguez Cambra José Luis"]
[Black "Navarro Rubio Rafael"]
[Result "0-1"]
[WhiteElo "1712"]
[BlackElo "1595"]

1.d4 d5 2.Nf3 Nf6 3.e3 Bf5 4.c4 e6 5.Nc3 c6 6.Qb3 Qb6 7.c5 Qc7 8.Ne5 Nbd7 9.
Bd3 Nxe5 10.Bxf5 exf5 11.dxe5 Nd7 12.Qc2 Qxe5 13.b4 f4 14.Bb2 fxe3 15.O-O d4
16.Ne2 d3 17.Qxd3 Qxb2 18.Qxe3+ Qe5 19.Qd3 O-O-O 20.Rad1 Be7 21.Nd4 Bf6 22.
Rfe1 Qxd4 23.Qxd4 Bxd4 24.Rxd4 Rhe8 25.Red1 Nf6 26.f3 Rxd4 27.Rxd4 Re2 28.a4
a6 29.h3 Rb2 30.Kh2 Nd5 31.b5 axb5 32.axb5 Rxb5 0-1

[Event "Individual Zaragoza Primera 2015"]
[Site ""]
[Date "2015.11.01"]
[Round "5.23"]
[White "Miranda Blasco Fernando"]
[Black "Argueso Palomino Manuel"]
[Result "1-0"]
[WhiteElo "1644"]
[BlackElo "1709"]

1.e4 d6 2.d4 Nf6 3.Nc3 g6 4.Nf3 Bg7 5.Be2 O-O 6.O-O a6 7.Bg5 b6 8.Re1 Bb7 9.e5
Nd5 10.exd6 cxd6 11.Nxd5 Bxd5 12.c4 Bb7 13.Qb3 Qc7 14.d5 Re8 15.Rad1 Nd7 16.
Nd4 Nc5 17.Qc2 Qd7 18.Bf3 a5 19.b3 a4 20.b4 Na6 21.a3 Rac8 22.Qe2 Qc7 23.Nc6
Bxc6 24.dxc6 h6 25.Be3 Nb8 26.b5 e5 27.Bd5 Kh7 28.f3 f5 29.Qf2 e4 30.Bxb6 Qe7
31.fxe4 fxe4 32.Bxe4 Qg5 33.Rxd6 Rxe4 34.Rxe4 Qc1+ 35.Qf1 Qxa3 36.Ree6 Rf8 37.
Qb1 Qb3 38.Qxg6+ Kh8 39.Re8 Qc3 40.Rxf8+ Bxf8 41.Bd4+ 1-0

[Event "Individual Zaragoza Primera 2015"]
[Site ""]
[Date "2015.11.01"]
[Round "5.24"]
[White "Arteaga Jimenez Francisco"]
[Black "Nuñez Gonzalez Victor Antonio"]
[Result "0-1"]
[WhiteElo "1622"]
[BlackElo "1824"]

1.d4 d6 2.c4 Nf6 3.Nc3 Nbd7 4.Nf3 e5 5.e3 Be7 6.Bd3 c6 7.O-O Qc7 8.Re1 O-O 9.
b3 Re8 10.Bb2 Nf8 11.h3 Ng6 12.Rc1 Bd7 13.d5 Qa5 14.Bb1 Rac8 15.e4 Qc7 16.Ne2
Nh5 17.Qd2 Nhf4 18.Nxf4 Nxf4 19.Kh2 Rcd8 20.Rg1 Qc8 21.Qe3 c5 22.Rh1 Bxh3 23.
g3 Bg2 24.Kg1 Bxh1 25.gxf4 Bxf3 26.Qxf3 Bf6 27.f5 Bg5 28.Rf1 Qd7 29.Kg2 Qe7
30.Rh1 Bf4 31.Qh5 Qg5+ 32.Qxg5 Bxg5 33.Bd3 g6 34.fxg6 hxg6 35.f3 Kg7 36.Bc1
Bxc1 37.Rxc1 Rh8 38.Rh1 Rxh1 39.Kxh1 Kf6 40.Kg2 Kg5 0-1